000 00814nam a2200253Ia 4500
003 OSt
005 20260417173112.0
006 a|||||r|||| 00| 0
007 ta
008 220926b |||||||| |||| 00| 0 hin d
024 _a25709
037 _cTheses
040 _aCRL
_cCRL
_bhin
041 _2hin
_ahin
100 _aJoshi Seema
_938527
110 _aUniversity of Delhi. Faculty of Music and Fine Arts. Department of Music
_9520437
245 0 _aHindustani sangeet ke manovagyanik tatav
260 _c1999
650 _aMUSIC
_917402
700 _a Pandit Lakshman Krishan Rao Supervisor
_9530726
700 _aUniversity of Delhi. Faculty of Music and Fine Arts. Department of Music
_9520438
942 _cTH
_2CC
999 _c864476
_d864476